Some Reflections on the Relation Between Whitehead's Process Philosophy and Gestalt Psychology (Record no. 856019)
[ view plain ]
| 000 -CABECERA | |
|---|---|
| Campo de control de longitud fija | 00680nab a2200169 4500 |
| 003 - IDENTIFICADOR DEL NÚMERO DE CONTROL | |
| Campo de control | ES-SlBCS |
| 005 - FECHA Y HORA DE LA ÚLTIMA TRANSACCIÓN | |
| Campo de control | 20210327231232.0 |
| 008 - CÓDIGOS DE INFORMACIÓN DE LONGITUD FIJA | |
| Campo de control de longitud fija | 160222b -us||||| |||| 00| 0 eng d |
| 040 ## - FUENTE DE LA CATALOGACIÓN | |
| Centro catalogador del origen | ES-SlBCS |
| Lengua de catalogación | spa |
| 100 1# - PUNTO DE ACCESO PRINCIPAL-NOMBRE DE PERSONA | |
| Nombre de persona | Riffert, Franz |
| 9 (RLIN) | 58304 |
| 245 10 - MENCIÓN DE TÍTULO | |
| Título | Some Reflections on the Relation Between Whitehead's Process Philosophy and Gestalt Psychology |
| Mención de responsabilidad, etc. | Franz Riffert ; Sandra Bröderbauer ; Michael Huemer |
| 600 14 - PUNTO DE ACCESO ADICIONAL DE MATERIA-NOMBRE DE PERSONA | |
| Nombre personal | Whitehead, Alfred North |
| Fechas asociadas con el nombre | , 1861-1947 |
| Subdivisión general | Crítica e interpretación |
| 9 (RLIN) | 124639 |
| 700 1# - PUNTO DE ACCESO ADICIONAL-NOMBRE DE PERSONA | |
| Nombre de persona | Bröderbauer, Sandra |
| 9 (RLIN) | 410042 |
| 700 1# - PUNTO DE ACCESO ADICIONAL-NOMBRE DE PERSONA | |
| Nombre de persona | Huemer, Michael |
| 9 (RLIN) | 156386 |
| 773 0# - ENLACE AL DOCUMENTO FUENTE | |
| Parte(s) relacionada(s) | Vol. 44, Nº 2, 2015, págs. 164-189 |
| Título | Process Studies |
| Número de control del registro relacionado | Rev838 |
| Número Internacional Normalizado para Publicaciones Seriadas (ISSN) | 0360-6503 |
| 942 ## - ENTRADA DE ELEMENTOS AGREGADOS (KOHA) | |
| Fuente de clasificaión o esquema | |
| Koha [por defecto] tipo de item | Artículos de revista |
| Suprimido | Perdido | Fuente de clasificación o esquema | Estropeado | No para préstamo | Localización permanente | Localización actual | Localización en estantería | Fecha adquisición | Préstamos totales | Fecha última consulta | Fecha del precio de reemplazo | Tipo de item de Koha |
|---|---|---|---|---|---|---|---|---|---|---|---|---|
| San Esteban | San Esteban | Depósito de revistas | 22/02/2016 | 22/02/2016 | 22/02/2016 | Artículos de revista |
